[Event "AUTO-OPEN-930"]
[Site "http://www.queenalice.com/game.php?id=317996"]
[Date "2007.12.10"]
[Round "1"]
[White "segat"]
[Black "allazzarini"]
[Result "0-1"]
[WhiteElo "1325"]
[BlackElo "1971"]

1. e4 e5 2. Nf3 Nc6 3. Nc3 Bc5 4. Bb5 Nge7 5. d3 O-O 6. Bg5 a6 7. Nd5 f6 8.
Nxe7+ Nxe7 9. Bc4+ Kh8 10. Bh4 b5 11. Bb3 d5 12. exd5 Nxd5 13. c3 Bg4 14. h3 Bh5
15. g4 Be8 16. g5 Nf4 17. d4 exd4 18. cxd4 Ng2+ 19. Kf1 Nxh4 20. Nxh4 Bxd4 21.
Kg2 fxg5 22. Nf3 Bc6 23. Rc1 Bxf3+ 0-1

[Event "AUTO-OPEN-930"]
[Site "http://www.queenalice.com/game.php?id=317997"]
[Date "2007.12.10"]
[Round "1"]
[White "allazzarini"]
[Black "segat"]
[Result "1-0"]
[WhiteElo "1971"]
[BlackElo "1427"]

1. e4 Nc6 2. d4 e6 3. c4 Bb4+ 4. Nc3 a5 5. a3 Be7 6. Be3 Nf6 7. Be2 h5 8. e5 Ng8
9. Bxh5 g6 10. Be2 f5 11. exf6 Nxf6 12. Qc2 Rg8 13. Bd3 Bf8 14. Bxg6+ Ke7 15. d5
exd5 16. Nxd5+ Nxd5 17. cxd5 Ne5 18. Bg5+ Kd6 19. Bxd8 Rxg6 20. O-O-O Bh6+ 21.
Kb1 Rxg2 22. Qxc7# 1-0

[Event "AUTO-INT-714"]
[Site "http://www.queenalice.com/game.php?id=318046"]
[Date "2007.12.10"]
[Round "1"]
[White "segat"]
[Black "cachoremaggi"]
[Result "0-1"]
[WhiteElo "1355"]
[BlackElo "1559"]

1. Nf3 Nc6 2. d4 d5 3. Nc3 Nf6 4. Ng5 Be6 5. Qd3 Nb4 6. Qb5+ Bd7 7. Qxb4 e6 8.
Qxb7 Bd6 9. Nb5 Rb8 10. Qxa7 Rxb5 11. a4 Rb4 12. c3 Rb8 13. b4 O-O 14. g4 Nxg4
15. h4 Ra8 16. Qb7 Rxa4 17. Rb1 Bc8 18. Qc6 Ra6 19. Qb5 Rb6 0-1

[Event "AUTO-INT-714"]
[Site "http://www.queenalice.com/game.php?id=318047"]
[Date "2007.12.10"]
[Round "1"]
[White "cachoremaggi"]
[Black "segat"]
[Result "1-0"]
[WhiteElo "1567"]
[BlackElo "1347"]

1. e4 e5 2. Nf3 Nf6 3. Nc3 c6 4. Bc4 Bc5 5. O-O Ng4 6. d4 exd4 7. Ne2 Qf6 8. Bg5
Qg6 9. Bf4 Qxe4 10. Re1 Ne3 11. fxe3 Qxe3+ 12. Bxe3 dxe3 13. Ned4 d5 14. Rxe3+
Be7 15. Bf1 c5 16. Nb5 Na6 17. Nd6+ Kd7 18. Nxf7 Re8 19. Qxd5+ Kc7 20. Rxe7+ 1-0

[Event "AUTO-INT-714"]
[Site "http://www.queenalice.com/game.php?id=318048"]
[Date "2007.12.10"]
[Round "1"]
[White "segat"]
[Black "El_Montes"]
[Result "0-1"]
[WhiteElo "1401"]
[BlackElo "1580"]

1. e4 e5 2. Nf3 Bc5 3. d4 exd4 4. Bg5 f6 5. Bf4 d6 6. Bc4 Bg4 7. Nbd2 g5 8. b4
Bxb4 9. a3 Bc3 10. Rb1 Bc8 0-1

[Event "AUTO-INT-714"]
[Site "http://www.queenalice.com/game.php?id=318049"]
[Date "2007.12.10"]
[Round "1"]
[White "El_Montes"]
[Black "segat"]
[Result "1-0"]
[WhiteElo "1630"]
[BlackElo "1455"]

1. e4 e5 2. Qh5 g6 3. Qxe5+ Qe7 4. Qxh8 Qxe4+ 5. Ne2 Bc5 6. d4 Bxd4 7. Qxg8+ Ke7
8. Bg5+ Bf6 9. Nc3 Bxg5 10. Nxe4 Bh6 11. Qxc8 f5 12. N4c3 a5 13. Nd5+ Ke6 14.
Nxc7+ Ke5 15. Nxa8 Nc6 16. Qc7+ d6 17. Qxb7 Nb4 18. Qe7+ 1-0

[Event "AUTO-INT-714"]
[Site "http://www.queenalice.com/game.php?id=318050"]
[Date "2007.12.10"]
[Round "1"]
[White "segat"]
[Black "Ditto"]
[Result "0-1"]
[WhiteElo "1300"]
[BlackElo "1753"]

1. e4 e5 2. Nf3 Nc6 3. Nc3 Bc5 4. Nd5 d6 5. d3 Nf6 6. c3 Ng4 7. Qe2 Bxf2+ 8. Kd2
Ne7 9. h3 Nxd5 10. hxg4 Bg3 11. exd5 Bxg4 12. d4 O-O 13. Qe4 f5 14. Qc2 e4 15.
Kd1 exf3 16. gxf3 Bxf3+ 17. Be2 Bxh1 18. Kd2 Qg5+ 19. Kd3 Be4+ 20. Kc4 Bxc2 21.
Bxg5 a6 22. Bh5 b5+ 0-1

[Event "AUTO-INT-714"]
[Site "http://www.queenalice.com/game.php?id=318051"]
[Date "2007.12.10"]
[Round "1"]
[White "Ditto"]
[Black "segat"]
[Result "1-0"]
[WhiteElo "1751"]
[BlackElo "1302"]

1. e4 e5 2. Nf3 Nc6 3. Bc4 Nf6 4. Nc3 d6 5. d4 b5 6. Bb3 Nb4 7. Bg5 h6 8. Bd2 g5
9. dxe5 dxe5 10. Nxe5 Bd6 11. Nxf7 Bg4 12. f3 Qe7 13. Nxh8 Kd7 14. Qe2 Rxh8 15.
Qxb5+ c6 16. Qb7+ Bc7 17. O-O-O a5 18. Bf4+ Ke8 19. Bxc7 h5 20. Rd8+ 1-0

[Event "Challenge"]
[Site "http://www.queenalice.com/game.php?id=338681"]
[Date "2008.1.18"]
[Round "-"]
[White "segat"]
[Black "lezeu63"]
[Result "0-1"]
[WhiteElo "1329"]
[BlackElo "1626"]

1. e4 e5 2. Nf3 Nf6 3. Nxe5 Nxe4 4. f3 Qe7 5. fxe4 Qxe5 6. Qe2 Bc5 7. d3 O-O 8.
Nc3 Bb4 9. a3 Bxc3+ 10. bxc3 Qxc3+ 11. Bd2 Qxa1+ 12. Kf2 Qxa3 13. Bf4 Qc5+ 14.
Be3 Qc3 15. g3 Nc6 16. Bh3 d6 17. Bg2 Nb4 18. h4 Nxc2 19. Rc1 Qf6+ 20. Bf4 Nd4
21. Qe3 c5 22. Rh1 Bg4 23. Rb1 Nc2 24. Qd2 Qd4+ 25. Be3 Nxe3 26. Rxb7 Nc4+ 27.
Ke1 Nxd2 0-1

[Event "AUTO-INT-582"]
[Site "http://www.queenalice.com/game.php?id=353512"]
[Date "2008.2.12"]
[Round "2"]
[White "Chazam"]
[Black "segat"]
[Result "1-0"]
[WhiteElo "1607"]
[BlackElo "1321"]

1. e4 e5 2. Nf3 Nc6 3. c4 Bc5 4. Nc3 Nf6 5. a3 d6 6. d3 b6 7. Bg5 h6 8. Bxf6
Qxf6 9. Nd5 Qe6 10. Nxc7+ Kd7 11. Nxe6 fxe6 12. Be2 1-0

[Event "AUTO-INT-582"]
[Site "http://www.queenalice.com/game.php?id=353518"]
[Date "2008.2.12"]
[Round "2"]
[White "segat"]
[Black "filatelista"]
[Result "0-1"]
[WhiteElo "1401"]
[BlackElo "2205"]

1. e4 e5 2. Nf3 d6 3. Nc3 Nf6 4. Bc4 h6 5. d3 c6 6. Na4 b5 7. Nc3 bxc4 8. dxc4
Bg4 9. a4 Be7 10. h3 Bh5 11. g4 Bg6 12. g5 Ng8 0-1

[Event "AUTO-INT-582"]
[Site "http://www.queenalice.com/game.php?id=353519"]
[Date "2008.2.12"]
[Round "2"]
[White "filatelista"]
[Black "segat"]
[Result "1-0"]
[WhiteElo "2214"]
[BlackElo "1331"]

1. d4 d5 2. c4 dxc4 3. Nc3 c6 4. a4 e6 5. e4 Nf6 6. Bxc4 g6 7. Bg5 h6 8. Bh4 g5
9. Bg3 Bb4 10. Be5 g4 11. g3 1-0

[Event "AUTO-INT-582"]
[Site "http://www.queenalice.com/game.php?id=353520"]
[Date "2008.2.12"]
[Round "2"]
[White "segat"]
[Black "gipmachado"]
[Result "0-1"]
[WhiteElo "1292"]
[BlackElo "2363"]

1. e4 e5 2. Nf3 Nc6 3. Nc3 Nf6 4. Bc4 Bc5 5. d3 d6 6. b3 Na5 7. Bb5+ c6 8. Ba4
b5 9. Nxb5 cxb5 10. Bxb5+ Bd7 11. Ng5 Bxb5 12. c4 Bd7 13. a4 Rb8 14. Bd2 Nxb3
15. Rb1 Nxd2 16. Qxd2 Rxb1+ 17. Qd1 Rxd1+ 18. Kxd1 Bxa4+ 19. Kd2 Qa5+ 20. Ke2
Qc3 21. Kf3 Qxd3# 0-1

[Event "AUTO-INT-582"]
[Site "http://www.queenalice.com/game.php?id=353521"]
[Date "2008.2.12"]
[Round "2"]
[White "gipmachado"]
[Black "segat"]
[Result "1-0"]
[WhiteElo "2329"]
[BlackElo "1306"]

1. e4 e5 2. Nf3 Nc6 3. d4 Nf6 4. d5 Nd4 5. Nxe5 Nxe4 6. Qxd4 f6 7. Qxe4 fxe5 8.
Qxe5+ Be7 9. Qxg7 Rf8 10. Be2 Bb4+ 11. Kd1 Rxf2 12. Bh5+ Rf7 13. Qxf7# 1-0

[Event "Challenge"]
[Site "http://www.queenalice.com/game.php?id=354213"]
[Date "2008.2.14"]
[Round "-"]
[White "Gera"]
[Black "segat"]
[Result "1-0"]
[WhiteElo "1924"]
[BlackElo "1338"]

1. f4 Nf6 2. Nf3 Nc6 3. e3 d5 4. Be2 Bf5 5. O-O e6 6. c3 Ng4 7. Bb5 a6 8. Bxc6+
bxc6 9. Qa4 Qd7 10. Nd4 Bd3 11. Rf3 h5 12. b3 Be2 13. Nxe2 f5 14. Nd4 Bd6 15.
Ba3 h4 16. h3 1-0

[Event "Challenge"]
[Site "http://www.queenalice.com/game.php?id=387195"]
[Date "2008.4.14"]
[Round "-"]
[White "vanderleiboth"]
[Black "segat"]
[Result "1-0"]
[WhiteElo "2181"]
[BlackElo "1263"]

1. e4 e5 2. Nf3 Nc6 3. Nc3 Nf6 4. Bb5 a6 5. Bxc6 bxc6 6. Nxe5 Bd6 7. Ng4 Nxg4 8.
Qxg4 g6 9. O-O a5 10. d4 Ba6 11. Re1 Qf6 12. e5 Qe7 13. Bg5 h5 14. exd6 cxd6 15.
Rxe7+ Kf8 16. Qf4 Rh7 17. Rae1 Kg8 18. Re8+ Rxe8 19. Rxe8+ 1-0

[Event "Challenge"]
[Site "http://www.queenalice.com/game.php?id=387198"]
[Date "2008.4.14"]
[Round "-"]
[White "segat"]
[Black "vanderleiboth"]
[Result "0-1"]
[WhiteElo "1265"]
[BlackElo "2180"]

1. Nc3 e5 2. Nf3 d5 3. d3 d4 4. Ne4 Nc6 5. Bg5 Be7 6. Qd2 Bf5 7. Ng3 Bb4 8. Bxd8
Bxd2+ 9. Kxd2 Rxd8 10. Nxf5 g6 11. Ng7+ Kf8 12. Ng5 Kxg7 13. e4 h6 14. Nf3 Nf6
15. h4 Ng4 16. Kd1 Nxf2+ 17. Kd2 Nxh1 18. Be2 Ng3 19. Bd1 f6 20. c4 g5 21. b3
Nf1+ 22. Ke2 Ne3 0-1